| 000 | 00336nam a2200133Ia 4500 | ||
|---|---|---|---|
| 008 | 210430s9999 xx 000 0 und d | ||
| 020 | _a874-874 | ||
| 082 | _a662.27 N 241 S | ||
| 100 |
_aNasa _92871 |
||
| 245 |
_aSolid Rocket Motor Igniters _cNasa |
||
| 260 |
_aPhotocopy _bJohn H .Collins _c1971 |
||
| 300 | _a103p | ||
| 942 |
_cBK _2ddc |
||
| 999 |
_c562014 _d562014 |
||